| 000 | 00500nam a2200157 a 4500 | ||
|---|---|---|---|
| 001 | 1209 | ||
| 003 | CDMR | ||
| 005 | 20131011171002.0 | ||
| 008 | 130130s ||||||||||||||||||||||||||||d | ||
| 040 |
_aCDMR _bcat _cCDMR |
||
| 110 | 2 |
_aMontepio de Empleados y Corresponsables Administrativos de la Prensa de España _9247 |
|
| 245 | 1 | 0 |
_aEstatutos _cMontepío de Empleados y Corresponsales Administrativos de la Prensa de España |
| 260 |
_a[s.l. _bs.n _cs.d.] |
||
| 300 |
_a19 p. _c15 cm |
||
| 942 |
_cFULLET _2udc |
||
| 999 |
_c1209 _d1209 |
||